Desde la biología a la psicología

Zapisane w:
Opis bibliograficzny
1. autor: Maturana Romesín, Humberto (autor)
Format: Książka
Język:hiszpański
Wydane: Viña del Mar Synthesis 1993
Seria:Colección Reflexión
Hasła przedmiotowe:
Etykiety: Dodaj etykietę
Nie ma etykietki, Dołącz pierwszą etykiete!

MARC

LEADER 00000nam a2200000 a 4500
001 UCX9402
003 CL-VaPUC
008 940606e19930000CL |||||||||||||||||spa|d
082 0 4 |a 150  |b MAT  |2 21 
100 |a Maturana Romesín, Humberto  |e autor  |9 448877 
245 1 0 |a Desde la biología a la psicología 
300 |a 241 p 
942 |c BK 
945 |d 19940606 00:00:00  |a rbrito 
260 |a Viña del Mar  |b Synthesis  |c 1993 
650 0 |a Psicología   |9 257863 
650 0 |a Inteligencia  |9 267038 
650 0 |a Percepción   |9 266750 
583 |a last modification  |c 19940606 00:00:00  |k Rodrigo Vera 
490 0 |a Colección Reflexión 
999 |c 228654  |d 228652 
952 |0 0  |1 0  |4 0  |6 150_000000000000000_MAT_1993  |7 0  |8 A  |9 228956  |a FDOPOS  |b FDOPOS  |d 2019-11-15  |i 2981033  |o 150 MAT 1993  |p 2981033  |r 2025-01-22  |w 2019-11-15  |y BK  |k MLA 
952 |0 0  |1 0  |4 0  |6 150_000000000000000_MAT_1993  |7 0  |8 A  |9 228957  |a BIBEDU  |b BIBEDU  |d 2019-11-15  |i 2988364  |o 150 MAT 1993  |p 2988364  |r 2019-11-15  |w 2019-11-15  |y BK  |k EDU 
952 |0 0  |1 0  |4 0  |6 150_000000000000000_MAT_1993  |7 0  |8 A  |9 228958  |a BIBING  |b BIBING  |d 2019-11-15  |i 3006638  |o 150 MAT 1993  |p 3006638  |r 2025-01-20  |w 2019-11-15  |y BK  |k EII 
952 |0 0  |1 0  |4 0  |6 150_000000000000000_MAT_1993  |7 0  |8 A  |9 228959  |a BIBING  |b BIBING  |d 2019-11-15  |i 3054454  |o 150 MAT 1993  |p 3054454  |r 2025-01-20  |w 2019-11-15  |y BK  |k EII